000 01072nam a2200265 i 4500
001 15246
003 ES-MaACL
005 20250731005547.0
007 t|
008 000209s1999 sp ||||1| spa d
020 _a84-95265-06-0
080 _a341.176(4)
100 1 _aSalinas Alcega, Sergio.
_9101946
245 1 3 _aEl Consejo de Europa
_b: su protagonismo en la construcción de la "gran Europa" y sus aportaciones al progreso del derecho internacional público /
_cSergio Salinas Alcega ; prólogo José Antonio Pastor Ridruejo.
260 _aMadrid :
_bMinisterio de Asuntos Exteriores,
_c1999.
300 _aXXII, 361 p. ;
_c25 cm.
490 1 _aBiblioteca diplomática española. Sección Varios ;
_v6
504 _aBibliografía : p. 349-361.
610 2 _aConsejo de Europa.
_93186
700 1 _aPastor Ridruejo, José Antonio.
_989524
710 1 _aEspaña.
_bMinisterio de Asuntos Exteriores.
_93845
830 0 0 _aBiblioteca diplomática española.
_pVarios
_v6
_9179529
852 _aES-MaACL
_jL-22569
_bR.127662
999 _c15246
_d15246